000 00629nam a2200193Ia 4500
003 GCL
008 140319s9999 xx 000 0 ara d
040 _aGCL /
_cGCL
082 0 4 _a257.3
_bع س
100 1 _aعوف محمود الكفراوى
245 1 0 _aسياسة الإنفاق العام فى الاسلام /
_cعوف محمود الكفراوى
260 _a[S.N] :
_bمؤسسة شباب الجامعة ،
_c1989
300 _a701 ص
490 _a
650 0 4 _aالاقتصاد الاسلامى
650 0 4 _aالشريعة الاسلامية
650 0 4 _aالاسلام والاقتصاد
942 _2ddc
_cBK
999 _c55670
_d55670